Construction contracts / (Record no. 352950)
[ view plain ]
| 000 -LEADER | |
|---|---|
| fixed length control field | 01483 a2200265 4500 |
| 003 - CONTROL NUMBER IDENTIFIER | |
| control field | OSt |
| 005 - DATE AND TIME OF LATEST TRANSACTION | |
| control field | 20180116192351.0 |
| 008 - FIXED-LENGTH DATA ELEMENTS--GENERAL INFORMATION | |
| fixed length control field | 120606t xxu||||| |||| 00| 0 eng d |
| 010 ## - LIBRARY OF CONGRESS CONTROL NUMBER | |
| LC control number | 2010018909 |
| 020 ## - INTERNATIONAL STANDARD BOOK NUMBER | |
| International Standard Book Number | 9780073397856 (hbk. : alk. paper) |
| 020 ## - INTERNATIONAL STANDARD BOOK NUMBER | |
| International Standard Book Number | 0073397857 (hbk. : alk. paper) |
| 040 ## - CATALOGING SOURCE | |
| Transcribing agency | 0 |
| 082 00 - DEWEY DECIMAL CLASSIFICATION NUMBER | |
| Classification number | 343.73078 |
| 100 1# - MAIN ENTRY--PERSONAL NAME | |
| Personal name | Hinze, Jimmie. |
| 9 (RLIN) | 3918 |
| 245 10 - TITLE STATEMENT | |
| Title | Construction contracts / |
| Statement of responsibility, etc. | Jimmie Hinze. |
| 250 ## - EDITION STATEMENT | |
| Edition statement | 3rd ed. |
| 260 ## - PUBLICATION, DISTRIBUTION, ETC. | |
| Place of publication, distribution, etc. | New York : |
| Name of publisher, distributor, etc. | McGraw-Hill, |
| Date of publication, distribution, etc. | c2010. |
| 300 ## - PHYSICAL DESCRIPTION | |
| Extent | xvii, 542 p. : |
| Other physical details | ill., forms ; |
| Dimensions | 25 cm. |
| 490 0# - SERIES STATEMENT | |
| Series statement | McGraw-Hill series in construction engineering and project management |
| 500 ## - GENERAL NOTE | |
| General note | Includes index. |
| 505 0# - FORMATTED CONTENTS NOTE | |
| Formatted contents note | Description of the construction industry -- Construction contracting methods -- The nature of contracts -- Issues concerning real property -- Agents -- Forms of organizations -- Contract disputes and torts -- Surety bonds -- The bidding phase -- Construction contract documents -- Unit price, cost-plus, and lump sum contracts -- Changes -- Changed conditions -- Matters of time -- Payments -- Warranty -- Construction insurance -- Subcontractors and subcontracts -- International construction contracts -- Methods of dispute resolution -- Professional ethics -- Construction safety -- Labor relations in construction. |
| 650 10 - SUBJECT ADDED ENTRY--TOPICAL TERM | |
| Topical term or geographic name entry element | Construction contracts |
| Geographic subdivision | United States. |
| 9 (RLIN) | 3919 |
| 942 ## - ADDED ENTRY ELEMENTS (KOHA) | |
| Institution code [OBSOLETE] | SADA |
| Koha item type | Book |
| Call number prefix | 343.73078 HIN 2010 |
| Source of classification or shelving scheme | |
| Withdrawn status | Lost status | Source of classification or shelving scheme | Damaged status | Not for loan | Permanent Location | Current Location | Date acquired | Total Checkouts | Full call number | Barcode | Date last seen | Date last checked out | Cost, replacement price | Price effective from | Koha item type |
|---|---|---|---|---|---|---|---|---|---|---|---|---|---|---|---|
| School of Art Design and Architecture (SADA) | School of Art Design and Architecture (SADA) | 05/30/2011 | 3 | 343.73078 HIN 2010 | SADA0001127 | 04/04/2012 | 04/02/2012 | 11435.00 | 08/05/2011 | Book |
